Kids fitness : games, games, and more games! /

This DVD offers a variety of games to encourage children to be active and improve their levels of fitness. It covers such topics as the need for youth fitness, the components of a quality fitness lesson or workout, the use of games rather than traditional exercise approaches, dynamic and active warm...

Full description

Bibliographic Details
Other Authors: Romans, James (Speaker)
Format: Video
Language:English
Language Notes:In English.
Published: Monterey, CA : Healthy Learning, 2011.
Series:Sports medicine and exercise science in video, volume 2
Subjects:
Online Access:Connect to this streaming video (Alexander Street Press)

MARC

Tag First Indicator Second Indicator Subfields
LEADER 00000cgm a22000003a 4500
001 in00003749413
006 m|||||o||c||||||||
007 cr |n||||||||a
007 vz |za|z|
008 150304s2011 cau051 e |o v|eng d
005 20260324210425.5
035 |a (OCoLC)905728252 
035 |a (VaAlASP)ASP2779945/spx2 
040 |a VaAlASP  |c VaAlASP  |d UtOrBLW 
245 0 0 |a Kids fitness :  |b games, games, and more games! /  |c presented by James Romans. 
246 3 3 |a Kids' fitness :  |b games, games, and more games! 
264 1 |a Monterey, CA :  |b Healthy Learning,  |c 2011. 
300 |a 1 online resource (51 min.) 
306 |a 005036 
336 |a two-dimensional moving image  |b tdi  |2 rdacontent 
337 |a computer  |b c  |2 rdamedia 
337 |a video  |b v  |2 rdamedia 
338 |a online resource  |b cr  |2 rdacarrier 
338 |a other  |b vz  |2 rdacarrier 
490 0 |a Sports medicine and exercise science in video, volume 2 
500 |a Title from resource description page (viewed Mar. 23, 2015). 
520 |a This DVD offers a variety of games to encourage children to be active and improve their levels of fitness. It covers such topics as the need for youth fitness, the components of a quality fitness lesson or workout, the use of games rather than traditional exercise approaches, dynamic and active warm ups, exercise games, and games for large groups. 
546 |a In English. 
500 |a Electronic resource. 
650 0 |a Exercise for children.  |0 http://id.loc.gov/authorities/subjects/sh85046334 
650 0 |a Physical fitness.  |0 http://id.loc.gov/authorities/subjects/sh85101540 
655 7 |a Internet videos.  |2 lcgft  |0 http://id.loc.gov/authorities/genreForms/gf2011026337 
655 7 |a Educational films.  |2 lcgft  |0 http://id.loc.gov/authorities/genreForms/gf2011026219 
655 7 |a Nonfiction films.  |2 lcgft  |0 http://id.loc.gov/authorities/genreForms/gf2011026423 
700 1 |a Romans, James,  |e speaker. 
710 2 |a Healthy Learning Videos,  |e production company.  |0 http://id.loc.gov/authorities/names/no99067685 
710 2 |a IDEA Health & Fitness Association,  |e production company.  |0 http://id.loc.gov/authorities/names/no2005052763 
856 4 0 |u http://proxy.library.tamu.edu/login?url=https://www.aspresolver.com/aspresolver.asp?SPX2;2779945  |z Connect to this streaming video (Alexander Street Press)  |t 0 
999 f f |s db57acc7-6c01-3ef2-98a3-6205334de1ff  |i b8c60260-74b5-378b-bb9f-fe9e8b417e87  |t 0 
952 f f |a Texas A&M University  |b College Station  |c Electronic Resources  |s www_evans  |d Available Online  |t 0  |h No information provided 
998 f f |t 0  |l Available Online